000 00374nam a2200133 i 4500
001 bg
245 0 _aLaboratorium materiałoznawstwa.
260 _aRzeszów,
_c1977.
040 _cBPK
041 _apol
942 _cKS
008 s pl f |000 0 pol
856 _uhttp://koha.tu.koszalin.pl/cgi-bin/koha/opac-detail.pl?biblionumber=17777
_yKatalog online BPK
999 _c17777
_d17777